00630nam a2200169 a 450000100100000000500170001000800410002704000250006811000320009324000180012524500650014326000760020830000200028470000340030495201050033899900170044300003940020201002031630.0130626s1998 dr 000 0 spa d aDO-SdBNPbspacBNPHU1 aRepública Dominicana944713a[Leyes, etc.] 0aLey de policía /cEdición al cuidado de Máximo Díaz. aSanto Domingo :bCpngreso Nacional de la República Dominicana,c1998. a24 p. ;c22 cm.1 aDíaz, Máximo,eed.965605 0010718PDaPDbPDcCTd2013-06-26iLF1l0o p39400-10r2020-06-25w2020-06-25yLFPDZNo se presta c38890d38890